000 03242cam a2200421 a 4500
001 ocm32590446
003 TZ-ArACH
005 20230620102617.0
008 950517s1996 ne b 000 0 eng
010 _a 95020419
015 _aGB9607150
_2bnb
016 7 _aB9602416
_2bccb
020 _a9041100857
_q(alk. paper)
020 _a9789041100856
_q(alk. paper)
035 _a(OCoLC)32590446
040 _cTZ-ArACH
041 0 _aeng
_afre
049 _aTZAA
050 0 0 _aJX4292
_b.P76 1996
245 0 4 _aProblem of refugees in the light of contemporary international law issues /
_cedited by Vera Gowlland-Debbas.
260 _aThe Hague ;
_aBoston :
_bM. Nijhoff ;
_aCambridge, MA :
_bSold and distributed in the U.S.A. and Canada by Kluwer Law International,
_c1996.
300 _axxiv, 179 pages ;
_c24 cm
490 1 _aNijhoff law specials ;
_vvol. 12
500 _a"Papers presented at the colloquium organized by the Graduate Institute of International Studies in collaboration with the Office of the United Nations High Commissioner for Refugees, Geneva, 26 and 27 May, 1994."
504 _aIncludes bibliographical references.
505 0 _aPreface / Daniel Warner -- Introduction / Vera Gowlland-Debbas -- Keynote Address / Sadako Ogata -- Legal Issues Arising from Recent UNHCR Operations: Introduction / Leonardo Franco -- Coping with a Complex Refugee Crisis in Africa: Issues, Problems and Constraints for Refugee and International Law / George Okoth-Obbo -- Issues Arising from the UNHCR Operation in Former Yugoslavia / Wilbert van Hovell -- Nationality and Statelessness Issues in the Newly Independent States / Michel Iogna-Prat -- Legal Problems Arising From The Dissolution of States in Relation to the Refugee Phenomenon / Vaclav Mikulka -- Commentaires sur: les problemes decoulant de la creation et de la dissolution des Etats et les flux de refugies / Alain Pellet -- State Responsibility and the Country of Origin / Christian Tomuschat -- Commentaires sur: la responsabilite de l'Etat d'origine des refugies / Brigitte Stern.
505 8 _aThe Right to Leave, the Right to Return and the Question of a Right to Remain / Guy S. Goodwin-Gill -- Comments on: The Right to Leave, the Right to Return and the Question of a Right to Remain / Kay Hailbronner -- The Legal Basis of International Jurisdiction to Act with Regard to the Internally Displaced / Richard Plender -- Comments on: The Legal Basis of International Jurisdiction to Act with Regard to the Internationally Displaced / Ved P. Nanda -- Legal Issues Arising from Conflicts between UN Humanitarian and Political Mandates -- a Survey / Claire Palley -- Reflecting the Discussions / Edited by Virginia A. Leary.
546 _aContributions in English or French.
650 0 _aRefugees
_xLegal status, laws, etc.
650 7 _aRefugees
_xLegal status, laws, etc.
_2nli
650 7 _aRefugees
_xInternational cooperation.
_2nli
653 0 _aRefugees
_aInternational law
700 1 _aGowlland-Debbas, Vera,
_d1943-
710 2 _aGraduate Institute of International Studies (Geneva, Switzerland)
710 2 _aOffice of the United Nations High Commissioner for Refugees.
830 0 _aNijhoff law specials ;
_v12.
942 _2lcc
_cBOOK
999 _c6163
_d6163